000 00588nas a22002177a 4500
001 36091
003 UA-OsUOA
005 20211019112940.0
007 ta
008 200601c8b un ||ru r|p| 00| 0 ukr drus d
040 _aUA-OsUOA
_brus
_cUA-OsUOA
_dUA-OsUOA
041 _arus
044 _aUA
080 _a004
090 _a004
_bЧ11
245 _aЧип
_cгол. ред. Эйсмонт Ю.
_bкомпьютеры и коммуникации
260 _aК.
650 7 _a00 Загальні питання науки і культури
_2UDC
942 _cMG
_2udc
955 _a0
999 _c311760
_d311760